000 01109cam a22002174a 4500
005 20250605164048.0
008 250528s ||||||||||||||||||||||||d
035 _a17171
020 _a412587602
040 _aGR-AtMCL
_bgre
_dGR-AtMCL
_eAACR2
245 1 _aEconomics in a Business Context / Second Edition
250 _a2nd
260 _bInternational Thomson Business Press,
_c1994
300 _a311
520 _aThis book covers the key elements of economic theory and relates them to the overall success or failure of businesses. Series Forward, Preface, Acknowledgements, Markets and Marketing and Cost Recovery, The Organization of Production for Cost Reduction and Cost Recovery, Financial Calculations and Business Enterprise, Performance Evaluation, Management Practice and the Limits of Management, The Labor Market Environment, The Financial Environment, The International Environment, The Natural Environment, Government Economic Policies, Statistical Appendix, Index.
700 1 _aHaslam Colin
_93327
700 1 _aNeale Alan
_93328
942 _cBK
999 _c2606
_d2606